BUGS Bunny movie [
| Format: | Book |
|---|---|
| Published: |
United Kingdom :
Warner Home Video ,
1990
|
| Subjects: |
MARC
| LEADER | 00000cam a2200000 7i4500 | ||
|---|---|---|---|
| 001 | 0000000280 | ||
| 002 | 000000352 | ||
| 005 | 20000330.0 | ||
| 020 | |a 000000352 | ||
| 090 | 0 | 0 | |a JF |b BUG |
| 245 | 0 | 0 | |a BUGS Bunny movie [ |h videorecording] |
| 260 | |a United Kingdom : |b Warner Home Video , |c 1990 | ||
| 300 | |a 1 videocassette VHS (76:00 min) : |b Col.(PAL) | ||
| 650 | 0 | 0 | |a Humourous fiction |x cartoons and caricatures |
| 999 | |a PV0108 |b VIDEO |c JUNIOR REFERENCE |e PERPUSTAKAAN KOMUNITI PETALING JAYA | ||